Análisis econométrico con EViews (Registro nro. 5057)
[ vista simple ]
| 000 -LEADER | |
|---|---|
| fixed length control field | 01465 a2200277 4500 |
| 001 - CONTROL NUMBER | |
| control field | 53049 |
| 005 - DATE AND TIME OF LATEST TRANSACTION | |
| control field | 20260407155804.0 |
| 008 - FIXED-LENGTH DATA ELEMENTS--GENERAL INFORMATION | |
| fixed length control field | 260407a2001 arg spa d |
| 003 - CONTROL NUMBER IDENTIFIER | |
| control field | AR-UNSa-BCEJYS |
| 040 ## - CATALOGING SOURCE | |
| Original cataloging agency | AR-UNSa-BCEJYS |
| Language of cataloging | spa |
| Transcribing agency | AR-UNSa-BCEJYS |
| 080 ## - UNIVERSAL DECIMAL CLASSIFICATION NUMBER | |
| Universal Decimal Classification number | 330.43 |
| Common auxiliary subdivision | Econometría |
| 020 ## - INTERNATIONAL STANDARD BOOK NUMBER | |
| International Standard Book Number | 970-15-0729-0 |
| 041 ## - LANGUAGE CODE | |
| Language code of text/sound track or separate title | spa |
| 100 1# - MAIN ENTRY--PERSONAL NAME | |
| Personal name | Carrascal Arranz, Ursicino |
| 245 10 - TITLE STATEMENT | |
| Title | Análisis econométrico con EViews |
| 264 #1 - PRODUCTION, PUBLICATION, DISTRIBUTION, MANUFACTURE, AND COPYRIGHT NOTICE | |
| Place of production, publication, distribution, manufacture | México : |
| Name of producer, publisher, distributor, manufacturer | Alfaomega Grupo Editor |
| Date of production, publication, distribution, manufacture, or copyright notice | 2001 |
| 300 ## - PHYSICAL DESCRIPTION | |
| Extent | xv, 338 p. |
| Dimensions | 23 cm. |
| 505 ## - FORMATTED CONTENTS NOTE | |
| Formatted contents note | 1. Introducción a EViews - 2. La lógica de trabajo en EViews:Los objetos - 3. Introducción de datos - 4. Elección de la muestra,transformación de variables y descripción de los datos - 5. Especificación y estimación de un modelo de regresión lineal clásico - 6. Mínimos cuadrados ordinarios:Inferencia - 7. Mínimos cuadrados ordinarios:Predicción - 8. Variables exógenas cualitativas - 9. Multicolinealidad - 10. Contrastes de especificación y diagnóstico del modelo econométrico - 11. Modelo de regresión lineal generalizado - 12. Heteroscedasticidad - 13. Autocorrelación - 14. Modelos con variables retardadas |
| 590 ## - LOCAL NOTE (RLIN) | |
| Local note | niveau_biblio:m niveau_hierar:0 |
| 650 ## - SUBJECT ADDED ENTRY--TOPICAL TERM | |
| Topical term or geographic name entry element | EVIEWS |
| 650 ## - SUBJECT ADDED ENTRY--TOPICAL TERM | |
| Topical term or geographic name entry element | eviews |
| 700 1# - ADDED ENTRY--PERSONAL NAME | |
| Personal name | González González, Yolanda |
| 700 1# - ADDED ENTRY--PERSONAL NAME | |
| Personal name | Rodríguez Prado, Beatriz |
| 856 41 - ELECTRONIC LOCATION AND ACCESS | |
| Uniform Resource Identifier | <a href="https://www.biblioeco.unsa.edu.ar/pmb/images/libros/L128424.jpg">https://www.biblioeco.unsa.edu.ar/pmb/images/libros/L128424.jpg</a> |
| Link text | Imagen de portada |
| Electronic format type | image/jpeg |
| 942 ## - ADDED ENTRY ELEMENTS (KOHA) | |
| Koha item type | |
| Withdrawn status | Lost status | Damaged status | Not for loan | Home library | Current library | Shelving location | Date acquired | Total checkouts | Full call number | Barcode | Date last seen | Price effective from | Koha item type |
|---|---|---|---|---|---|---|---|---|---|---|---|---|---|
| Biblioteca Prof. Eusebio Cleto del Rey | Biblioteca Prof. Eusebio Cleto del Rey | 07/04/2026 | 330.43 C311 | L128424 | 07/04/2026 | 07/04/2026 | Libro |